000 00964cam a22002651i 4500
003 SA-RiAUC
005 20250907124535.0
008 250906s1987____su g 000 0aara c
040 _aSA-RiKSU
_bara
_cSA-RiAUC
_erda
082 0 4 _a213
_qSA-RiAUC
090 _a213
_bر ا ع
100 1 _aالراعي، واصف
_eمؤلف.
245 1 0 _aكنت نصرانيا /
_cبقلم واصف الراعي.
250 _aالطبعة الأولى.
264 1 _aالرياض :
_bواصف الراعي،
_c1987
264 3 _a[مكان الطبع غير محدد] :
_bمطابع الفرزدق التجارية
300 _a156 صفحة ؛
_c24 سم
336 _aنص
_btxt
_2rdacontent
_3كتاب
337 _aبدون وسيط
_bn
_2rdamedia
338 _aمجلد
_bnc
_2rdacarrier
650 7 _aالدعوة الإسلامية
_2aucsh
650 7 _aالإسلام والمسيحية
_2aucsh
942 _2ddc
_cBOOK
_n0
949 _aSA-JeALM
_d250906
_umohamedma123
_n1
999 _c11480
_d11480